Drake and Kendrick diss tracks in order - Statistics

General Stats
  • This quiz has been taken 315 times
  • The average score is 8 of 9
Answer Stats
Hint Answer % Correct
Eighth Not like us
96%
Fourth Euphoria
92%
Sixth Family Matters
91%
Seventh Meet the grahams
90%
First Like that
89%
Second Push ups
89%
Fith 6:16 in LA
72%
Ninth The Heart part 6
69%
Third Taylor Made freestyle
67%
No matching quizzes found
Score Distribution
Percent of People with Each Score
Percentile by Number Answered
Your Score History
You have not taken this quiz